Σχεδιασμός συστήματος μεταφοράς και μεταποίησης απορριμμάτων με ανάκτηση των ενεργειακών του απαιτήσεων : μελέτη εφαρμογής στα νησιά των Κυκλάδων
Η συγκεκριμένη διπλωματική εργασία, αναφέρεται στο σχεδιασμό ενός νέου συστήματος μεταφοράς και επεξεργασίας απορριμμάτων με ανάκτηση ενέργειας. Το σύστημα βρίσκει εφαρμογή στον τομέα των μέσων μεταφοράς στερεών αποβλήτων. Συγκεκριμένα, σχεδιάζεται ένα σύστημα καύσης απορριμμάτων, το οποίο με την εν...
Αποθηκεύτηκε σε:
| Κύριος συγγραφέας: | |
|---|---|
| Συγγραφή απο Οργανισμό/Αρχή: | |
| Άλλοι συγγραφείς: | |
| Μορφή: | Thesis Βιβλίο |
| Γλώσσα: | Greek |
| Δημοσίευση: |
2011
|
| Θέματα: | |
| Διαθέσιμο Online: | http://hdl.handle.net/11610/9003 |
| Ετικέτες: |
Προσθήκη ετικέτας
Δεν υπάρχουν, Καταχωρήστε ετικέτα πρώτοι!
|
MARC
| LEADER | 00000cam a2200000 i 4500 | ||
|---|---|---|---|
| 001 | 1/19328 | ||
| 008 | 120509s2011 gre d | ||
| 035 | |l 10112392 | ||
| 040 | |a GR-MY-UA |b gre |e aacr | ||
| 041 | 0 | |a gre | |
| 082 | 0 | |a 628.445 |2 (22) | |
| 100 | 1 | |a Ατζινάς, Χρήστος. | |
| 245 | 1 | 0 | |a Σχεδιασμός συστήματος μεταφοράς και μεταποίησης απορριμμάτων με ανάκτηση των ενεργειακών του απαιτήσεων : |b μελέτη εφαρμογής στα νησιά των Κυκλάδων / |c Ατζινάς Χρήστος ; επιβλέπων καθηγητής: Μουλιανίτης Βασίλειος |
| 260 | |c 2011 | ||
| 300 | |a 154 φύλλα; |b εικ.; |c 30 εκ. | ||
| 500 | |a Διάθεση πλήρους κειμένου περιορισμένης πρόσβασης (μόνο από μέλη του Παν. Αιγαίου) | ||
| 502 | |a Πτυχιακή εργασία – Πανεπιστήμιο Αιγαίου, Σύρος, 2011. | ||
| 504 | |a Βιβλιογραφία: σ. 135-139 | ||
| 520 | |a Η συγκεκριμένη διπλωματική εργασία, αναφέρεται στο σχεδιασμό ενός νέου συστήματος μεταφοράς και επεξεργασίας απορριμμάτων με ανάκτηση ενέργειας. Το σύστημα βρίσκει εφαρμογή στον τομέα των μέσων μεταφοράς στερεών αποβλήτων. Συγκεκριμένα, σχεδιάζεται ένα σύστημα καύσης απορριμμάτων, το οποίο με την ενέργεια που ανακτά, εξυπηρετεί τις ιδίες ενεργειακές του απαιτήσεις, για την μεταφορά και επεξεργασία των στερεών αποβλήτων πριν την τελική διάθεσή τους. Σκοπός είναι να διαπιστωθεί η βιωσιμότητα ενός τέτοιου συστήματος, οι επιπτώσεις στο σύνολο της διαχείρισης στερεών αποβλήτων και η καταγραφή των προδιαγραφών για τον σχεδιασμό του. Η μελέτη διευρύνεται σε μία περίπτωση εφαρμογής, με την ανάπτυξη ενός σεναρίου χρήσης, στο ευρύτερο φάσμα των κυκλαδίτικων νήσων. Στην περίπτωση αυτή, ένα φορτηγό πλοίο μετατρέπεται σε "απορριμματοφόρο", το οποίο μεταποιεί με ανάκτηση ενέργειας τα απορρίμματα που συλλέγει και μεταφέρει από τα νησιά-σταθμούς, χρησιμοποιώντας τα ίδια τα απορρίμματα για τις ενεργειακές του ανάγκες. Η επιλογή των εργασιών αυτών έγινε έπειτα από έρευνα στο χώρο της διαχείρισης απορριμμάτων, όπου διαπιστώθηκε πέρα από τα λοιπά διαχειριστικά προβλήματα ότι η μεταφορά τους αποτελεί μία πολύ δαπανηρή (40%-60% των λειτουργικών εξόδων) διαδικασία, η οποιά εξυπηρετεί μόνο την μετακίνηση των απορριμμάτων χωρίς να μεσολαβεί κανενός είδους περαιτέρω διαχείρισή τους. Τα οφέλη που προκύπτουν από την εφαρμογή του νέου συστήματος είναι: Ο μηδενισμός των ΧΥΤΑ και των ανεξέλεγκτων χώρων ταφής στα νησιά. Η εξοικονόμηση ενέργειας μέσω ανάκτησης από την καύση των απορριμμάτων στις διαδικασίες μεταφοράς. Η σημαντική μείωση του όγκου και του βάρους των απορριμμάτων που διατίθενται για ταφή. Ενεργειακό όφελος για τις τοπικές κοινωνίες μέσω της απομακρυσμένης κεντρικής διαχείρισης των απορριμμάτων. Αποκεντρωμένο σύστημα διαχείρισης απορριμμάτων. Ελευθερία επιλογής ΧΥΤΥ για την αποφυγή αντιδράσεων της τοπικής κοινωνίας. | ||
| 650 | 0 | |a Refuse and refuse disposal |z Greece |z Cyclades. | |
| 650 | 0 | 0 | |a Recycling (Waste, etc.) |
| 650 | 0 | 0 | |a Green technology. |
| 650 | 0 | 0 | |a Dissertations, Academic |z Greece. |
| 700 | 1 | |a Μουλιανίτης, Βασίλης Ε. |4 ths | |
| 710 | 2 | |a Πανεπιστήμιο Αιγαίου. |b Τμήμα Μηχανικών Σχεδίασης Προϊόντων και Συστημάτων. | |
| 852 | |a INST |b SYROS |c DIATR |e 20120509 |h 628.445 ΑΤΖ |p 005500010252 |q 005500010252 |t DIE |y 23 | ||
| 852 | |a INST |b SYROS |c DIATR |e 20120509 |h 628.445 ΑΤΖ |p 005500010253 |q 005500010253 |t DIE |y 23 | ||
| 856 | |u http://hdl.handle.net/11610/9003 | ||
| 901 | |a BIBL5-2012-1 | ||
| 909 | |a Ε |b 173841 | ||
| 909 | |a Ε |b 173841 | ||
| 924 | |a ΑΤΖΙΝΑΣ |b ΧΡΗΣΤΟΣ |y ΣΥΡΟΣ |z 2012-03 | ||
| 970 | |a ΚΟΝΤΟΥ |b ΠΑΡΑΣΚΕΥΗ |z 2012/05/09 | ||